00882nam a2200205 a 450000100100000000500170001000800410002704000250006808200100009310000350010324500650013826000400020330000200024350400360026304900090029995201250030895201100043395201160054399900170065900001696420200929165008.0100312s19uu dr 000 0 spa d aDO-SdBNPbspacBNPHU aL191c1 aLajara Alonzo, Pedro M.93749710aCurso de ortografía en el hogar /cPedro M. Lajara Alonso. a[Santo Domingo] :b[s.n],c[19--?]. a99 p. ;c22 cm. aIncluye bibliografías [p. 99] aBNPD 001154708DSaGRbGRcMId2015-02-03iLF1l0oL191c p16964-30r2020-06-25te. 3w2020-06-25yLFDSZPréstamo en sala 0010718PDaPDbPDcHDd2010-03-12iLF1l0oL191c p16964-10r2020-06-25w2020-06-25yLFPDZNo se presta 0010718PDaPDbPDcHDd2010-03-12iLF1l0oL191c p16964-20r2020-06-25te. 2w2020-06-25yLFPDZNo se presta c16496d16496